National Cash Register Factory, (Record no. 14036)

MARC details
000 -LEADER
fixed length control field 00789cam a22002051 4500
001 - CONTROL NUMBER
control field ca 09004673
003 - CONTROL NUMBER IDENTIFIER
control field DLC
005 - DATE AND TIME OF LATEST TRANSACTION
control field 20260227111050.0
008 - FIXED-LENGTH DATA ELEMENTS--GENERAL INFORMATION
fixed length control field 760921s1904 ohu 000 0 eng
010 ## - LIBRARY OF CONGRESS CONTROL NUMBER
LC control number ca 09004673
035 ## - SYSTEM CONTROL NUMBER
System control number (OCoLC)2455383
040 ## - CATALOGING SOURCE
Original cataloging agency DLC
Transcribing agency OClW
Modifying agency DLC
042 ## - AUTHENTICATION CODE
Authentication code premarc
050 00 - LIBRARY OF CONGRESS CALL NUMBER
Classification number HD7413.N3
Item number A5 1904
110 2# - MAIN ENTRY--CORPORATE NAME
Corporate name or jurisdiction name as entry element National cash register company, Dayton, O.
245 00 - TITLE STATEMENT
Title National Cash Register Factory,
Remainder of title Dayton, Ohio, U.S.A., as seen by English experts of the Mosely Industrial and Educational Commissions ...
Statement of responsibility, etc. comp. by Alfred A. Thomas, general counsel and secretary of the corporation.
260 ## - PUBLICATION, DISTRIBUTION, ETC.
Place of publication, distribution, etc. [Dayton, O.]
Date of publication, distribution, etc. 1904.
300 ## - PHYSICAL DESCRIPTION
Extent 96 p.
Other physical details illus. (incl. ports.) diagrs.
Dimensions 22 cm.
700 1# - ADDED ENTRY--PERSONAL NAME
Personal name Thomas, Alfred A.
Fuller form of name (Alfred Addison),
Dates associated with a name 1845-1916,
Relator term comp.

No items available.

Powered by Koha